Iron and steel committee

Enregistré dans:
Détails bibliographiques
Format: Livre
Langue:Undetermined
Publié: Tokyo International Labour office 1975
Sujets:
Tags: Ajouter un tag
Pas de tags, Soyez le premier à ajouter un tag!
Thư viện lưu trữ: Trung tâm Học liệu Trường Đại học Cần Thơ
LEADER 00418nam a2200157Ia 4500
001 CTU_99762
008 210402s9999 xx 000 0 und d
082 |a 331.7669 
082 |b G326 
245 0 |a Iron and steel committee 
260 |a Tokyo 
260 |b International Labour office 
260 |c 1975 
650 |a Iron and steel workers 
904 |i Truc 
980 |a Trung tâm Học liệu Trường Đại học Cần Thơ